000 00301nam a2200133Ia 4500
008 231129s1985||||xx |||||||||||||| ||spa||
040 _bspa
082 _aCo861 i73c
100 _aIsaacs Jorge
245 0 _aCanciones y coplas populares
260 _c1985
264 _aProcultura
942 _2ddc
_cBKS
999 _c6569
_d6569